01005naa a2200169 a 450000100080000000500110000800800410001910000170006024500480007726000090012552005830013465000120071765000120072965000120074165000110075377300710076411365652026-01-08 2025 bl uuuu u00u1 u #d1 aALVES, J. R. aFeij??o - dez./2025.h[electronic resource] c2025 aO documento apresenta, de forma sucinta, as principais informa????es conjunturais referentes ao desenvolvimento da produ????o e dos mercados para os produtos selecionados. Para isso, o Boletim Agropecu??rio cont??m informa????es referentes ao ??ltimo m??s e at?? a primeira quinzena do m??s seguinte. Al??m das informa????es por produto, eventualmente poder??o ser divulgados neste documento textos com an??lises conjunturais pertinentes e oportunas, chamando a aten????o para aspectos n??o especificamente voltados ao mercado do produto, como, por exemplo, custo de produ????o. aFeij??o amercado apre??os asafras tBoletim Agropecu??rio, Florian??polis, SCgn. 151, p. 18-20, 2025.